00428nam a2200133Ia 45000010005000000080041000050820019000461000052000652450104001172600024002215900007002459010027002529990015002792655241024s9999 xx 000 0 und d aRD/370.7/EV92v aEvaluaciones Psicológicas Sistémicas (EPSI) 0aVisión generales sobre la evaluación de desempeño. Estado de situación al 26 de agosto 2008 bSanto Domingoc2008 asi a5/12/2012 1:45:29 p.m. c9247d9247